| 000 | 00834cam a22002415a 4500 | ||
|---|---|---|---|
| 001 | 17982881 | ||
| 005 | 20160118142902.0 | ||
| 008 | 131227s2014 ne a b 001 0 eng | ||
| 020 | _a9780080993690 | ||
| 040 |
_aDLC _beng _cDLC _dDLC _dEG-ScBUE |
||
| 082 | 0 | 4 |
_a620.00420286 _222 _bJOH |
| 100 | 1 |
_aJohnson, Anthony _939075 |
|
| 245 | 1 | 0 |
_aSustainability in engineering design : _ban undergraduate text / _cAnthony Johnson, Andrew Gibson. |
| 260 |
_aWaltham : _bAcademic Press / Elsevier, _cc.2014. |
||
| 300 |
_axxii, 419 p. : _bill. ; _c24 cm. |
||
| 500 | _aIndex : p. 409-419. | ||
| 504 | _aIncludes bibliographical references. | ||
| 650 | 0 |
_aEngineering design _vTextbooks. _2BUEsh |
|
| 650 | 0 |
_aSustainable engineering _vTextbooks. _2BUEsh |
|
| 653 |
_bENGGEN _cAugust2015 _cJanuary2016 |
||
| 700 | 1 | _aGibson, Andy, | |
| 942 | _2ddc | ||
| 999 |
_c20446 _d20418 |
||